00559nam a22001457a 4500003000400000082001700004100002000021245017000041260002500211300000700236653003500243942001200278952010600290999001700396SGT a617.69bI26A aArora, Priyanka aInvestigating the impact of tailored healing abutment and abutment variations and periimplant soft tissue contour in immediate implant placement with delayed loading aGurugrambSGTUc2026 a89 a Prosthodontics & Crown Bridge 2ddccTH 00102ddc4071aFDbFDcREFd2026-04-08l0o617.69 I26ApDT2634r2026-04-08 00:00:00w2026-04-08yTH c34566d34566